| 000 | 00934nam a22002657a 4500 | ||
|---|---|---|---|
| 001 | 8034 | ||
| 003 | FISKH | ||
| 005 | 20250819113459.0 | ||
| 008 | 250819b cb ||||| |||| 00| 0 eng d | ||
| 020 | _a9780439291491 | ||
| 040 |
_aFISKH _beng _cFISKH _dFISKH |
||
| 050 | _aPZ7.C234937 A1 | ||
| 082 | _a823.8 | ||
| 100 | _aCarroll, Lewis | ||
| 245 |
_aAlice in Wonderland / _cby Lewis Carroll with an original illustrations by Sir John Tenniel |
||
| 250 | _aFirst Scholastic Junior Classic Edition printing, September 2001 | ||
| 260 |
_aNew York : _bScholastic , _c2001. |
||
| 300 |
_a159 pages : _billustrations ; _c20 cm. |
||
| 490 |
_aAlice's Adventures _v1 |
||
| 520 | _aA little girl falls down a rabbit hole and discovers a world of nonsensical and amusing characters. | ||
| 650 |
_aAlice in Wonderland _vChildren's literature |
||
| 700 |
_aTenniel, Sir John _eIllustrator |
||
| 942 |
_2ddc _cBK _n0 |
||
| 999 |
_c8034 _d8034 |
||